ARRUPE JESUIT UNIVERSITY

CORONAVIRUS -STOP THE SPREAD - CLEAN,DISINFECT,COVER

Digital cosmopolitans : (Record no. 128186)

MARC details
000 -LEADER
fixed length control field 01526cam a2200337 i 4500
001 - CONTROL NUMBER
control field 18254083
003 - CONTROL NUMBER IDENTIFIER
control field ARRUPE
005 - DATE AND TIME OF LATEST TRANSACTION
control field 20180919122953.0
008 - FIXED-LENGTH DATA ELEMENTS--GENERAL INFORMATION
fixed length control field 140805s2013 nyu b 001 0 eng
010 ## - LIBRARY OF CONGRESS CONTROL NUMBER
LC control number 2014030895
020 ## - INTERNATIONAL STANDARD BOOK NUMBER
International Standard Book Number 9780393350326 (pbk.)
040 ## - CATALOGING SOURCE
Original cataloging agency DLC
Language of cataloging eng
Transcribing agency DLC
Description conventions rda
Modifying agency DLC
042 ## - AUTHENTICATION CODE
Authentication code pcc
050 00 - LIBRARY OF CONGRESS CALL NUMBER
Classification number HM742
Item number .Z83 2013
082 00 - DEWEY DECIMAL CLASSIFICATION NUMBER
Classification number 302.23/1
Edition number 23
300 ## - PHYSICAL DESCRIPTION
Dimensions 21 cm
100 1# - MAIN ENTRY--PERSONAL NAME
Personal name Zuckerman, Ethan.
9 (RLIN) 42320
240 10 - UNIFORM TITLE
Uniform title <a href="Rewire">Rewire</a>
245 10 - TITLE STATEMENT
Title Digital cosmopolitans :
Remainder of title why we think the internet connects us, why it doesn't, and how to rewire it /
Statement of responsibility, etc Ethan Zuckerman.
260 ## - PUBLICATION, DISTRIBUTION, ETC. (IMPRINT)
Place of publication, distribution, etc New York
Name of publisher, distributor, etc W.W. Norton and Company
Date of publication, distribution, etc 2013
300 ## - PHYSICAL DESCRIPTION
Extent vi, 312 pages ;
500 ## - GENERAL NOTE
General note Paperback edition of the author's Rewire.
504 ## - BIBLIOGRAPHY, ETC. NOTE
Bibliography, etc Includes bibliographical references (pages 277-300) and index.
505 0# - FORMATTED CONTENTS NOTE
Formatted contents note Disconnect -- Connection, infection, inspiration -- Imaginary cosmopolitanism -- When what we know is whom we know -- Rewire -- Global voices -- Found in translation -- Taken in context -- Serendipity and the city -- The wider world -- The connected shall inherit.
650 #0 - SUBJECT ADDED ENTRY--TOPICAL TERM
Topical term or geographic name as entry element Social media.
9 (RLIN) 42321
650 #0 - SUBJECT ADDED ENTRY--TOPICAL TERM
Topical term or geographic name as entry element Internet
General subdivision Social aspects.
9 (RLIN) 2927
650 #0 - SUBJECT ADDED ENTRY--TOPICAL TERM
Topical term or geographic name as entry element Cosmopolitanism.
9 (RLIN) 11020
906 ## - LOCAL DATA ELEMENT F, LDF (RLIN)
a 7
b cbc
c orignew
d 1
e ecip
f 20
g y-gencatlg
942 ## - ADDED ENTRY ELEMENTS (KOHA)
Source of classification or shelving scheme Library of Congress Classification
Koha item type Monograph ( Printed materials)
Holdings
Withdrawn status Lost status Source of classification or shelving scheme Damaged status Not for loan Collection code Home library Current library Shelving location Date acquired Total Checkouts Full call number Barcode Date last seen Date checked out Price effective from Koha item type
    Library of Congress Classification     Main Collection ARRUPE LIBRARY ARRUPE LIBRARY Main Collection 19/09/2018 3 HM742 .Z83 2013 46600002070 06/02/2023 23/01/2023 19/09/2018 Monograph ( Printed materials)

 

Arrupe Library. PO Box MP320 Mt Pleasant, Harare, Zimbabwe
263 242 745411|librarian@aju.ac.zw